000 01608nam0a22002771 4500
001 rc\2691965
005 20230517124219.0
035 _a(NLR Aleph) 006820215
090 _a6435438
_c6435438
100 _a20110915d1933 |||y0rusy50 ca
101 1 _arus
_ceng
102 _aRU
105 _ay z |||||
200 1 _aПравила и постановления, регулирующие надзор за плотинами в Калифорнии (с 14 августа 1929 г.)
_eС некоторыми общими сведениями и текстом закона: Глава 776, Устав 1929 г.
_fПеревод с англ., под ред. Е. В. Оппокова
_gШтат Калифорния. Департамент общественных работ. Отд. вод. ресурсов
_gУправ. вод. хозяйства при СНК УССР. Науч.-исслед. ин-т вод. хозяйства Украины
210 _aХарьков
_aКиев
_cТранспорт i звязок
_d1933
215 _aОбл., 36 с.
_d21 см.
300 _aОкр. вiдб. з збiрника: "Вiстi Наук.-дослiд. iн-ту вод. господарства Украiни, т. V." (с. 2)
300 _aПеред загл.: Штат Калифорния. Департамент общественных работ. Отд. вод. ресурсов
300 _aПредисл. (с. 3)
702 1 _aОппоков
_bЕ. В.
_4340
801 0 _aRU
_bNLR
_gpsbo
801 1 _aRU
_bELAR
_2rusmarc
852 _aNLR
_j33-10/3701
942 _cBOOK
980 _aNB